[Event "Miedzywojewodzkie Mistrzostwa Juniorow"]
[Site "Centrum Konferencyjno-Sportowe"]
[Date "2012.??.??"]
[Round "1.1"]
[White "Kaniewska, Emilia"]
[Black "Socko, Weronika"]
[Result "0-1"]
[WhiteElo "1624"]
[BlackElo "1554"]
[PlyCount "94"]
[EventDate "2012.??.??"]

1. c4 e6 2. Nf3 d5 3. g3 Nf6 4. Bg2 c5 5. O-O Nc6 6. cxd5 exd5 7. d4 h6 8. Nc3
c4 9. b3 cxb3 10. Qxb3 Na5 11. Qb5+ Bd7 12. Qd3 Bb4 13. Ne5 Bxc3 14. Qxc3 Rc8
15. Qa3 Nc6 16. Nxc6 Bxc6 17. Qxa7 O-O 18. Re1 Re8 19. Qa3 Ra8 20. Qb2 Ra4 21.
e3 Qa8 22. a3 Qa7 23. Bd2 Ne4 24. Bb4 Qa8 25. Rac1 Qd8 26. Qc2 Ra8 27. f3 Nf6
28. Qb1 Nh7 29. Rcd1 Re6 30. e4 h5 31. e5 h4 32. f4 hxg3 33. hxg3 g5 34. f5 Rh6
35. Kf2 g4 36. Rh1 Rxh1 37. Rxh1 Qg5 38. f6 Nxf6 39. exf6 Qxf6+ 40. Ke1 Re8+
41. Kd1 Qxd4+ 42. Kc1 Qe3+ 43. Kb2 Qd4+ 44. Kc1 Qe3+ 45. Kc2 Ba4+ 46. Kb2 Qd4+
47. Kc1 Rc8+ 0-1

[Event "Miedzywojewodzkie Mistrzostwa Juniorow"]
[Site "Centrum Konferencyjno-Sportowe"]
[Date "2012.??.??"]
[Round "1.2"]
[White "Tkaczyk, Weronika"]
[Black "Koseska, Kamila"]
[Result "1-0"]
[WhiteElo "1421"]
[BlackElo "1268"]
[PlyCount "45"]
[EventDate "2012.??.??"]

1. e4 e5 2. Nf3 Nc6 3. d4 exd4 4. Bc4 Be7 5. c3 dxc3 6. Qd5 Nh6 7. Bxh6 O-O 8.
Nxc3 gxh6 9. O-O d6 10. Qh5 Bg5 11. Nxg5 hxg5 12. f4 Qf6 13. Qxg5+ Qxg5 14.
fxg5 Be6 15. Bxe6 fxe6 16. Rxf8+ Rxf8 17. Nb5 Rf7 18. Rf1 a6 19. Rxf7 Kxf7 20.
Nxc7 Nb4 21. a3 Nd3 22. b4 Ne1 23. b5 {zapis nieczytelny} 1-0

[Event "Miedzywojewodzkie Mistrzostwa Juniorow"]
[Site "Centrum Konferencyjno-Sportow"]
[Date "????.??.??"]
[Round "2.1"]
[White "Koseska, Kamila"]
[Black "Daliga, Anita"]
[Result "1/2-1/2"]
[WhiteElo "1268"]
[BlackElo "1400"]
[PlyCount "41"]
[EventDate "2012.??.??"]

1. e4 e5 2. Nf3 Nc6 3. Bc4 Bc5 4. d3 Nf6 5. Be3 Bb6 6. O-O d6 7. h3 Be6 8. Nbd2
Qe7 9. Bxe6 fxe6 10. Nc4 Bxe3 11. fxe3 O-O-O 12. Qe1 Rdg8 13. a4 g5 14. Nfd2 d5
15. exd5 exd5 16. Na3 h5 17. Rf5 Qe6 18. Qf2 Nd7 19. Rf1 b6 20. Nb5 a6 21. Nc3
1/2-1/2

[Event "Miedzywojewodzkie Mistrzostwa Juniorow ("]
[Site "Centrum Konferencyjno-Sportowe"]
[Date "2012.??.??"]
[Round "2.2"]
[White "Socko, Weronika"]
[Black "Tkaczyk, Weronika"]
[Result "1-0"]
[WhiteElo "1554"]
[BlackElo "1421"]
[PlyCount "65"]
[EventDate "2012.??.??"]

1. d4 d5 2. c4 dxc4 3. e3 Nf6 4. Bxc4 c5 5. Nf3 e6 6. O-O a6 7. dxc5 Qxd1 8.
Rxd1 Bxc5 9. b3 b5 10. Be2 Bb7 11. Bb2 Nbd7 12. Ne5 Nxe5 13. Bxe5 O-O 14. Bxf6
gxf6 15. Nd2 Kh8 16. Bf3 Bxf3 17. Nxf3 Rg8 18. Rac1 Bb4 19. Rd7 Rac8 20. Rdc7
Rxc7 21. Rxc7 Rd8 22. g3 Kg7 23. Rc6 a5 24. Rb6 Rd5 25. Nd4 e5 26. Rxb5 Rxb5
27. Nxb5 Kg6 28. Na7 Kf5 29. Kf1 Ke4 30. Ke2 f5 31. Nc6 Bc3 32. Ne7 Bb4 33. f3#
1-0

[Event "Miedzywojewodzkie Mistrzostwa Juniorow ("]
[Site "Centrum Konferencyjno-Sportowe"]
[Date "2012.??.??"]
[Round "2.3"]
[White "Wierzbowska, Aleksandra"]
[Black "Kaniewska, Emilia"]
[Result "0-1"]
[WhiteElo "1471"]
[BlackElo "1624"]
[PlyCount "110"]
[EventDate "2012.??.??"]

1. d4 f5 2. c4 Nf6 3. Nc3 g6 4. g3 Bg7 5. Bg2 d6 6. Nf3 O-O 7. O-O Qe8 8. d5 c6
9. Re1 h6 10. Qd3 Qf7 11. e4 fxe4 12. Nxe4 Bg4 13. Nxf6+ Qxf6 14. Re3 Nd7 15.
h3 Bxf3 16. Rxf3 Qd4 17. Qxd4 Bxd4 18. Rb1 Ne5 19. Rxf8+ Rxf8 20. Bf4 c5 21.
Bf1 g5 22. Be3 Bxe3 23. fxe3 Rf3 24. Re1 Rxg3+ 25. Kh2 Rf3 26. Kg2 Kg7 27. a3
a5 28. b3 Kf6 29. a4 Kf5 30. Be2 Rxe3 31. Bg4+ Nxg4 32. hxg4+ Ke4 33. Rh1 Kf4
34. Rxh6 Kxg4 35. Rh7 Kf5 36. Rf7+ Kg6 37. Rf8 Rxb3 38. Rg8+ Kf6 39. Rf8+ Ke5
40. Rf7 Kd4 41. Rxe7 Kxc4 42. Rg7 Kxd5 43. Rxg5+ Kc6 44. Rg4 Rb4 45. Rxb4 axb4
46. Kf3 Kd5 47. Ke3 Kc4 48. Kd2 b3 49. Kc1 Kc3 50. Kb1 b2 51. a5 d5 52. a6 bxa6
53. Ka2 Kc2 54. Ka3 b1=Q 55. Ka4 Qb4# 0-1

[Event "Miedzywojewodzkie Mistrzostwa Juniorow ("]
[Site "Centrum Konferencyjno-Sportowe"]
[Date "2012.??.??"]
[Round "3.1"]
[White "Tkaczyk, Weronika"]
[Black "Wierzbowska, Aleksandra"]
[Result "0-1"]
[WhiteElo "1421"]
[BlackElo "1471"]
[PlyCount "120"]
[EventDate "2012.??.??"]

1. e4 c5 2. Nf3 Nc6 3. d4 cxd4 4. Nxd4 e5 5. Nb5 d6 6. N1c3 a6 7. Na3 b5 8. Nd5
Nf6 9. Bg5 Be7 10. Bxf6 Bxf6 11. c3 Bg5 12. Nc2 O-O 13. Be2 Be6 14. O-O Rc8 15.
a4 bxa4 16. Bxa6 Rb8 17. Ndb4 Nxb4 18. Nxb4 Bb3 19. Qe2 Qb6 20. Bc4 Bxc4 21.
Qxc4 Rfc8 22. Qd3 Ra8 23. Rfd1 Rd8 24. Qc2 Qb7 25. Rd5 {ruch przypuszczalny}
Ra7 {ruch przypuszczalny} 26. Nd3 Qc6 27. Nb4 Qc4 28. Rxa4 Rxa4 29. b3 Ra1+ 30.
Rd1 Rxd1+ 31. Qxd1 Qxc3 32. Nd5 Qd2 33. Qb1 Qc1+ 34. Qxc1 Bxc1 35. b4 Rb8 36.
Kf1 Bd2 37. Ke2 Bxb4 38. Kd3 Bc5 39. f3 Kf8 40. Kc4 Rb2 41. f4 exf4 42. Nxf4
Ke7 43. Nd5+ Kd7 44. Nf4 Rf2 45. Nd3 Rxg2 46. h3 Kc6 47. e5 d5+ 48. Kc3 Rg3 49.
h4 Rxd3+ 50. Kxd3 d4 51. h5 g5 52. hxg6 hxg6 53. Ke4 g5 54. Kf5 d3 55. Kf6 d2
56. Kxf7 d1=Q 57. e6 Qf3+ 58. Kg6 Be7 59. Kh6 g4 60. Kh7 g3 0-1

[Event "Miedzywojewodzkie Mistrzostwa Juniorow ("]
[Site "Centrum Konferencyjno-Sportowe"]
[Date "2012.??.??"]
[Round "3.2"]
[White "Daliga, Anita"]
[Black "Socko, Weronika"]
[Result "1/2-1/2"]
[WhiteElo "1400"]
[BlackElo "1554"]
[PlyCount "82"]
[EventDate "2012.??.??"]

1. e4 e6 2. d4 d5 3. exd5 exd5 4. Bd3 Bd6 5. Ne2 b6 6. Bf4 Bxf4 7. Nxf4 Qe7+ 8.
Qe2 Qxe2+ 9. Kxe2 Nf6 10. Re1 g5 11. Kf1+ Kd8 12. Ne2 Nc6 13. c3 Be6 14. Nd2
Ne7 15. Nf3 h6 16. Ne5 Nd7 17. f4 Nxe5 18. fxe5 Rf8 19. Ng3 Rb8 20. Ke2 c5 21.
Rf1 cxd4 22. cxd4 Nc6 23. Ke3 Nb4 24. a3 Nxd3 25. Kxd3 Rc8 26. Nf5 Bxf5+ 27.
Rxf5 Rc6 28. Raf1 Ke7 29. Rf6 Re6 30. Rxe6+ fxe6 31. Rxf8 Kxf8 32. g4 Ke7 33.
Kc3 Kd7 34. b4 b5 35. Kb3 Ke7 36. a4 a6 37. axb5 axb5 38. Kc3 Kf7 39. Kd3 Kg6
40. Ke3 h5 41. h3 h4 1/2-1/2

[Event "Miedzywojewodzkie Mistrzostwa Juniorow ("]
[Site "Centrum Konferencyjno-Sportowe"]
[Date "2012.??.??"]
[Round "4.2"]
[White "Wierzbowska, Aleksandra"]
[Black "Daliga, Anita"]
[Result "1-0"]
[WhiteElo "1471"]
[BlackElo "1400"]
[PlyCount "101"]
[EventDate "2012.??.??"]

1. d4 d5 2. c4 e6 3. Nc3 Nf6 4. Nf3 Be7 5. Bf4 Nc6 6. e3 Bd6 7. Bg3 Bxg3 8.
hxg3 b6 9. Bd3 h6 10. Qa4 Bd7 11. Qa3 Qe7 12. Qxe7+ Kxe7 13. cxd5 Nxd5 14.
Nxd5+ exd5 15. a3 Rhe8 16. Rh5 Be6 17. Bb5 Bd7 18. Rxd5 a6 19. Bxc6 Bxc6 20.
Re5+ Kf8 21. Rxe8+ Rxe8 22. Rc1 Bxf3 23. gxf3 Rc8 24. d5 Ke7 25. Rc6 Kd7 26. e4
a5 27. f4 Re8 28. f3 Kc8 29. d6 Kb7 30. Rxc7+ Kb8 31. Rxf7 g5 32. fxg5 hxg5 33.
d7 Rd8 34. e5 Kc7 35. e6 b5 36. e7 Rxd7 37. e8=Q Rxf7 38. Qxf7+ Kc6 39. Qe8+
Kc5 40. Qd8 b4 41. Qxg5+ Kc4 42. Qxa5 bxa3 43. bxa3 Kd4 44. Kf2 Kc4 45. Ke3 Kb3
46. Qb5+ Kc2 47. Qc4+ Kb2 48. Kd2 Ka1 49. Qb4 Ka2 50. Kc2 Ka1 51. Qb2# 1-0

[Event "Miedzywojewodzkie Mistrzostwa Juniorow ("]
[Site "Centrum Konferencyjno-Sportowe"]
[Date "2012.??.??"]
[Round "4.3"]
[White "Kaniewska, Emilia"]
[Black "Tkaczyk, Weronika"]
[Result "1/2-1/2"]
[WhiteElo "1624"]
[BlackElo "1421"]
[PlyCount "121"]
[EventDate "2012.??.??"]

1. c4 Nf6 2. Nc3 c5 3. g3 Nc6 4. Bg2 g6 5. e3 Bg7 6. Nge2 O-O 7. O-O e6 8. Rb1
d5 9. cxd5 exd5 10. d4 cxd4 11. Nxd4 Nxd4 12. Qxd4 Bf5 13. Ra1 Be6 14. Qb4 b6
15. Bd2 a5 16. Qb5 d4 17. exd4 Rc8 18. Rfd1 Qxd4 19. Be3 Qc4 20. Qxc4 Rxc4 21.
Bxb6 Rb8 22. Bxa5 Rxb2 23. Rd8+ Bf8 24. a3 Kg7 25. Nd5 Bxd5 26. Bxd5 Nxd5 27.
Rxd5 Bc5 28. Rf1 Bxa3 29. Rd3 Bb4 30. Bb6 Bc5 31. Bxc5 Rxc5 32. Kg2 Rf5 33. Rf3
Rbb5 34. Rxf5 Rxf5 35. f4 Kf6 36. g4 Rb5 37. h4 h5 38. g5+ Kf5 39. Kg3 Rb4 40.
Rf2 Rb1 41. Rg2 Rb3+ 42. Kh2 Kxf4 43. Rf2+ Rf3 44. Kg2 Rxf2+ 45. Kxf2 Kg4 46.
Ke3 Kf5 47. Kf3 f6 48. gxf6 Kxf6 49. Kf4 Kg7 50. Kg5 Kf7 51. Kf4 Kf6 52. Ke4 g5
53. hxg5+ Kxg5 54. Kf3 Kh4 55. Kg2 Kg4 56. Kh2 h4 57. Kg2 h3+ 58. Kh2 Kh4 59.
Kh1 Kg3 60. Kg1 h2+ 61. Kh1 1/2-1/2

[Event "Miedzywojewodzkie Mistrzostwa Juniorow ("]
[Site "Centrum Konferencyjno-Sportowe"]
[Date "2012.??.??"]
[Round "5.1"]
[White "Daliga, Anita"]
[Black "Kaniewska, Emilia"]
[Result "0-1"]
[WhiteElo "1400"]
[BlackElo "1624"]
[PlyCount "88"]
[EventDate "2012.??.??"]

1. e4 c5 2. Nf3 d6 3. d4 cxd4 4. Nxd4 Nf6 5. Nc3 a6 6. f4 e6 7. Qf3 Qc7 8. Be3
b5 9. Bd3 Nbd7 10. O-O-O b4 11. Nce2 Bb7 12. Rhf1 Nc5 13. Kb1 Nfxe4 14. Bxe4
Bxe4 15. Qf2 e5 16. Nf3 Bxc2+ 17. Ka1 Bxd1 18. Rxd1 e4 19. Bxc5 Qxc5 20. Qxc5
dxc5 21. Ng5 f5 22. Ne6 Rc8 23. Ng3 g6 24. h4 Ke7 25. Nxf8 Rhxf8 26. h5 Rfd8
27. Re1 Rd2 28. hxg6 hxg6 29. b3 Rcd8 30. Kb1 Rd1+ 31. Rxd1 Rxd1+ 32. Kc2 Rg1
33. Ne2 Rxg2 34. Kd1 Rxe2 35. Kxe2 Kd6 36. Ke3 Kd5 37. Kd2 Kd4 38. Ke2 e3 39.
Ke1 Kd3 40. Kd1 e2+ 41. Ke1 Ke3 42. a3 bxa3 43. b4 a2 44. bxc5 a1=Q# 0-1

[Event "Miedzywojewodzkie Mistrzostwa Juniorow ("]
[Site "Centrum Konferencyjno-Sportowe"]
[Date "2012.??.??"]
[Round "5.3"]
[White "Koseska, Kamila"]
[Black "Socko, Weronika"]
[Result "0-1"]
[WhiteElo "1268"]
[BlackElo "1554"]
[PlyCount "48"]
[EventDate "2012.??.??"]

1. e4 e6 2. d4 d5 3. exd5 exd5 4. Nf3 Bg4 5. Be2 Nf6 6. Bf4 Bd6 7. Bxd6 Qxd6 8.
O-O O-O 9. h3 Bxf3 10. Bxf3 c6 11. c3 Nbd7 12. Nd2 Rfe8 13. Qb3 Qf4 14. Qc2 Nf8
15. Rfe1 Ng6 16. Qd3 Nh4 17. g3 Qxd2 18. Qxd2 Nxf3+ 19. Kg2 Nxd2 20. a3 Rxe1
21. Rxe1 Re8 22. Rxe8+ Nxe8 23. h4 Nc4 24. Kf3 Nxb2 0-1

[Event "Miedzywojewodzkie Mistrzostwa Juniorow ("]
[Site "Centrum Konferencyjno-Sportowe"]
[Date "2012.??.??"]
[Round "6.1"]
[White "Wierzbowska, Aleksandra"]
[Black "Koseska, Kamila"]
[Result "1-0"]
[WhiteElo "1471"]
[BlackElo "1268"]
[PlyCount "37"]
[EventDate "2012.??.??"]

1. d4 Nf6 2. c4 d5 3. Nc3 c6 4. Nf3 dxc4 5. e4 Bg4 6. Be3 g6 7. Bxc4 Bg7 8.
Bxf7+ Kxf7 9. Ne5+ Ke8 10. Nxg4 Nbd7 11. e5 Nd5 12. Nxd5 cxd5 13. O-O h5 14. e6
Nb6 15. Ne5 Bxe5 16. dxe5 Nc4 17. Qd4 Kf8 18. b3 Nb6 19. Qf4+ 1-0

[Event "Miedzywojewodzkie Mistrzostwa Juniorow ("]
[Site "Centrum Konferencyjno-Sportowe"]
[Date "2012.??.??"]
[Round "6.3"]
[White "Tkaczyk, Weronika"]
[Black "Daliga, Anita"]
[Result "1-0"]
[WhiteElo "1421"]
[BlackElo "1400"]
[PlyCount "109"]
[EventDate "2012.??.??"]

1. e4 e5 2. Nf3 Nc6 3. d4 exd4 4. Bc4 Bb4+ 5. c3 dxc3 6. bxc3 Bc5 7. Bxf7+ Kxf7
8. Qd5+ Ke8 9. Qxc5 Qe7 10. Qxe7+ Ngxe7 11. O-O d6 12. Na3 a6 13. Nd4 Kf7 14.
Nc4 Re8 15. f4 Nxd4 16. cxd4 d5 17. Ne5+ Kg8 18. Ba3 dxe4 19. Rfe1 Be6 20. Rxe4
Bd5 21. Re2 Nc6 22. Rd2 Rad8 23. Rb1 Nxe5 24. dxe5 Bc6 25. Rxd8 Rxd8 26. e6 Re8
27. e7 Bd5 28. Rc1 c6 29. Rb1 b5 30. Rb2 a5 31. Bc5 Kf7 32. Kf2 Rxe7 33. Bxe7
Kxe7 34. g3 Kd6 35. Ke3 Kc5 36. Kd3 a4 37. a3 g6 38. g4 Bc4+ 39. Ke3 h6 40. h4
Kd6 41. Kd4 Be6 42. g5 h5 43. Rf2 c5+ 44. Kc3 Bf5 45. Rd2+ Kc6 46. Rd8 Kb6 47.
Rf8 Be4 48. f5 Bxf5 49. Rxf5 gxf5 50. g6 f4 51. g7 f3 52. g8=Q f2 53. Qg2 b4+
54. axb4 cxb4+ 55. Kxb4 1-0

[Event "Miedzywojewodzkie Mistrzostwa Juniorow ("]
[Site "Centrum Konferencyjno-Sportowe"]
[Date "2012.??.??"]
[Round "7.2"]
[White "Koseska, Kamila"]
[Black "Kaniewska, Emilia"]
[Result "0-1"]
[WhiteElo "1268"]
[BlackElo "1624"]
[PlyCount "92"]
[EventDate "2012.??.??"]

1. e4 c5 2. Nf3 d6 3. Bb5+ Nd7 4. O-O a6 5. Bxd7+ Bxd7 6. h3 Nf6 7. d3 e6 8.
Nbd2 Qc7 9. b3 Be7 10. Bb2 O-O 11. e5 Ne8 12. exd6 Nxd6 13. Re1 f6 14. Qe2 e5
15. Ne4 Nf5 16. Rac1 Rfe8 17. Qd2 Rad8 18. Nc3 Bc6 19. Ne4 h6 20. Qc3 Nd4 21.
Nxd4 cxd4 22. Qd2 f5 23. Ng3 Bg5 24. Qe2 Bxc1 25. Bxc1 Qf7 26. f3 Qg6 27. Qf2
e4 28. fxe4 fxe4 29. dxe4 Bxe4 30. Nxe4 Rxe4 31. Rf1 Rde8 32. Ba3 Re2 33. Qf3
Qe4 34. Qf7+ Kh7 35. Qf5+ Qxf5 36. Rxf5 Rxc2 37. Bf8 Ree2 38. Rf7 Rxg2+ 39. Kf1
Rb2 40. Rxb7 Rgf2+ 41. Ke1 Rxf8 42. Rd7 Rc8 43. Rxd4 Rh2 44. Rd1 Rh1+ 45. Ke2
Re8+ 46. Kd2 Rd8+ 0-1

[Event "Miedzywojewodzkie Mistrzostwa Juniorow ("]
[Site "Centrum Konferencyjno-Sportowe"]
[Date "2012.??.??"]
[Round "7.3"]
[White "Socko, Weronika"]
[Black "Wierzbowska, Aleksandra"]
[Result "0-1"]
[WhiteElo "1554"]
[BlackElo "1471"]
[PlyCount "116"]
[EventDate "2012.??.??"]

1. d4 d5 2. c4 e6 3. Nc3 Nf6 4. Bg5 Be7 5. e3 Nbd7 6. Nf3 O-O 7. Qb3 c6 8. cxd5
exd5 9. Rc1 b6 10. Be2 Bb7 11. Bxf6 Nxf6 12. O-O Re8 13. Rfd1 Bd6 14. h3 Qc7
15. Bd3 Ne4 16. Bxe4 dxe4 17. Nd2 c5 18. d5 f5 19. Nc4 Ba6 20. Nxd6 Qxd6 21.
Nb5 Bxb5 22. Qxb5 Re5 23. Qc6 Rd8 24. Qb7 Rxd5 25. Rxd5 Qxd5 26. Qxd5+ Rxd5 27.
Rc2 Rd1+ 28. Kh2 Rd7 29. Kg1 Kf7 30. Kf1 Rd1+ 31. Ke2 Rg1 32. g3 Rh1 33. h4 g6
34. Rc3 Rb1 35. Rc2 Ke6 36. b3 Kd6 37. Kd2 Kc6 38. Kc3 Rd1 39. Rd2 Rxd2 40.
Kxd2 b5 41. Kc3 Kd5 42. b4 cxb4+ 43. Kxb4 a6 44. Ka5 Kc4 45. Kxa6 b4 46. Kb6 b3
47. axb3+ Kxb3 48. Kc6 Kc3 49. Kd6 Kd2 50. Ke6 Ke2 51. Kf6 Kxf2 52. Kg7 Kxg3
53. Kxh7 Kxh4 54. Kxg6 Kg4 55. Kf6 f4 56. Ke5 fxe3 57. Kxe4 e2 58. Ke3 e1=Q+
0-1